Manažment a klastrové iniciatívy vo vedomostnej ekonomike

Prístupy manažmentu vo vedomostnej ekonomike. Sieťové podnikanie ako moderná forma podnikania. Význam klastrov pre regionálnu ekonomickú konkurecieschopnosť. Sučasný stav vytvárania klastrov v Slovenskej republike. Existujúce klastre na Slovensku.

Salvato in:
Dettagli Bibliografici
Autore principale: Štofková, Katarína
Natura: Capitolo di libro
Lingua:slovacco
Soggetti:
Tags: Aggiungi Tag
Nessun Tag, puoi essere il primo ad aggiungerne!!

MARC

LEADER 00000naa a2200000 4500
001 0181638
005 20240221134510.2
041 0 |a slo 
044 |a SK 
245 1 0 |a Manažment a klastrové iniciatívy vo vedomostnej ekonomike  |c Katarína Štofková 
520 |a Prístupy manažmentu vo vedomostnej ekonomike. Sieťové podnikanie ako moderná forma podnikania. Význam klastrov pre regionálnu ekonomickú konkurecieschopnosť. Sučasný stav vytvárania klastrov v Slovenskej republike. Existujúce klastre na Slovensku. 
610 2 0 |a klaster 
610 2 0 |a podnikanie 
610 2 0 |a Slovensko 
610 2 0 |a kooperácia 
610 2 0 |a ekonomika znalostná 
610 2 0 |a konkurencieschopnosť 
610 2 0 |a rozvoj regionálny 
100 1 |a Štofková, Katarína